| 000 | 00435cam a2200157 4500 | ||
|---|---|---|---|
| 001 | 2336 | ||
| 005 | 20181127164950.0 | ||
| 008 | 011116s2002 enka 000 0 eng | ||
| 010 | _a 2002483942 | ||
| 020 | _a0375725342 | ||
| 100 | 1 | _aDe Botton, Alain. | |
| 245 | 1 | 4 |
_aThe art of travel / _cAlain De Botton. |
| 260 |
_aNew York : _bVintage International Books, _c2002. |
||
| 300 |
_a261 p. : _bill. ; _c18 cm. |
||
| 650 | 0 |
_aTravel _xPhilosophy. |
|
| 999 |
_c1863 _d1863 |
||